| 000 | 00721nam a22002537a 4500 | ||
|---|---|---|---|
| 008 | 131103b xxu||||| |||| 00| 0 eng d | ||
| 020 | _a0-19-876367-0 | ||
| 024 | _cAvailable | ||
| 037 | _cAvailable | ||
| 040 |
_aMBSTU LIBRARY _dMBSTU LIBRARY |
||
| 082 |
_222 _a345.064 ANP |
||
| 100 | _aAndrew, Ashwoth. | ||
| 245 | _aPrinciple of criminal law. | ||
| 250 | _a2nd | ||
| 260 |
_aNew York _bClarendon Press. _c1995 |
||
| 300 |
_a24 cm. _b496 page _f3 _g24 cm. |
||
| 600 | _2Criminal law. | ||
| 650 | _2Criminal law. | ||
| 700 | _aAndrew, Ashwoth. | ||
| 270 |
_aNew York _bNew York _dUSA |
||
| 365 |
_b7200.00 _d7200.00 |
||
| 942 |
_2ddc _cBK |
||
| 999 |
_c768 _d768 |
||